[Event "V Floripa Chess Open 2019"]
[Site "Florianopolis/SC"]
[Date "2019.01.26"]
[Round "9.123"]
[White "Minelli, Fausto"]
[Black "Colaco, Willian Wagner Soar"]
[Result "1/2-1/2"]
[WhiteElo "1781"]
[BlackElo "1561"]
[PlyCount "132"]
[EventDate "2019.01.21"]
[EventRounds "10"]
[EventCountry "BRA"]

1. e4 e6 2. d4 d5 3. exd5 exd5 4. Nf3 Nf6 5. c4 c6 6. Bg5 Be7 7. Nc3 Be6 8. Qb3 Qb6 9. c5 Qxb3 10. axb3 Nbd7 11. Bd3 O-O 12. O-O b6 13. b4 Rfb8 14. Ne5 Rc8 15. Nxd7 Bxd7 16. cxb6 axb6 17. Rxa8 Rxa8 18. b5 c5 19. Bxf6 Bxf6 20. Nxd5 Bxd4 21. Nxb6 Rd8 22. Nxd7 Rxd7 23. Be4 Bxb2 24. b6 Be5 25. f4 Bd4+ 26. Kh1 Kf8 27. b7 Rd8 28. Rb1 Rb8 29. Bf5 Ke7 30. Bc8 Kd6 31. g3 c4 32. Kg2 c3 33. Kf3 Kd5 34. Ke2 Kc4 35. Kd1 Kd3 36. Bf5+ Kc4 37. Kc2 Bc5 38. Bc8 Ba3 39. Ra1 Bc5 40. Ra4+ Bb4 41. Ra8 Bd6 42. Ra6 Kd5 43. Kxc3 h6 44. Ra2 g5 45. Ra5+ Bc5 46. fxg5 hxg5 47. Kd3 f5 48. h4 f4 49. gxf4 gxh4 50. Ke2 Kd6 51. Kf3 Bd4 52. Kg4 Bf2 53. f5 Ke7 54. f6+ Kf7 55. Rh5 Bd4 56. Kf5 Bxf6 57. Rh6 Bd8 58. Rh7+ Kg8 59. Rd7 Ba5 60. Kg6 Kf8 61. Rh7 Be1 62. Be6 Bc3 63. Rc7 Be5 64. Rh7 Bc3 65. Bc8 Be1 66. Rd7 Bc3 1/2-1/2

[Event "V Floripa Chess Open 2019"]
[Site "Florianopolis/SC"]
[Date "2019.01.26"]
[Round "9.124"]
[White "Rocancourt Moreira, Mauricio"]
[Black "Niehues, Luiz Cesar"]
[Result "1/2-1/2"]
[WhiteElo "1777"]
[BlackElo "1540"]
[PlyCount "122"]
[EventDate "2019.01.21"]
[EventRounds "10"]
[EventCountry "BRA"]

1. d4 d5 2. c4 c6 3. cxd5 cxd5 4. Nf3 Nc6 5. Bf4 Nf6 6. e3 e6 7. Nc3 Be7 8. Rc1 a6 9. Bd3 O-O 10. O-O h6 11. Qe2 Nd7 12. e4 dxe4 13. Nxe4 Nb4 14. Bc7 Qe8 15. Bb1 Nd5 16. Nd6 Bxd6 17. Bxd6 N7f6 18. Rfe1 b6 19. Bxf8 Qxf8 20. g3 Bb7 21. Ne5 Qd6 22. Qc2 Re8 23. a3 Re7 24. Qd3 Rc7 25. Ba2 Ne7 26. Bb3 b5 27. Rxc7 Qxc7 28. f3 Ba8 29. Qd2 Qb7 30. Bd1 h5 31. h3 Qd5 32. Re3 Nf5 33. Rc3 Bb7 34. Kh2 Qxd4 35. Qxd4 Nxd4 36. Rc7 Bd5 37. Ra7 g5 38. Rxa6 g4 39. hxg4 hxg4 40. fxg4 Ne4 41. Nf3 Nxf3+ 42. Bxf3 Nc5 43. Bxd5 Nxa6 44. Bc6 b4 45. Bb5 bxa3 46. bxa3 Nc5 47. a4 Nb7 48. Kg2 Kg7 49. Bc6 Na5 50. Be8 f6 51. Kf3 Kf8 52. Bb5 Ke7 53. Ke3 Kd6 54. Kd3 Ke5 55. Ke3 Nb7 56. Bc6 Na5 57. Bb5 Nb7 58. Be2 Na5 59. Bd3 Nb3 60. Bb5 Na5 61. Ba6 Nb3 1/2-1/2

[Event "V Floripa Chess Open 2019"]
[Site "Florianopolis/SC"]
[Date "2019.01.26"]
[Round "9.125"]
[White "Sato, Claudio Takeshi"]
[Black "Assis, Washington Luis Lin"]
[Result "1-0"]
[WhiteElo "1560"]
[BlackElo "1775"]
[PlyCount "93"]
[EventDate "2019.01.21"]
[EventRounds "10"]
[EventCountry "BRA"]

1. b3 d5 2. Bb2 c5 3. e3 Nf6 4. Nf3 Bg4 5. h3 Bxf3 6. Qxf3 e6 7. Bb5+ Nc6 8. O-O Be7 9. d4 cxd4 10. Bxd4 O-O 11. Bxc6 bxc6 12. Nd2 Ne8 13. Rac1 c5 14. Bc3 Bf6 15. Bxf6 Nxf6 16. Rfd1 Qa5 17. a4 Rac8 18. c4 Qb6 19. cxd5 exd5 20. Rc2 Rfe8 21. Rdc1 a5 22. g4 Qd6 23. Nf1 Ne4 24. Kg2 Rb8 25. Ng3 Rxb3 26. Nxe4 dxe4 27. Qf5 g6 28. Qxc5 Qf6 29. Qxa5 Qf3+ 30. Kh2 Rd3 31. Qc7 Red8 32. Qg3 Qf6 33. Rc8 Rxc8 34. Rxc8+ Kg7 35. Qf4 Qxf4+ 36. exf4 Rf3 37. Kg2 Rxf4 38. Rc4 Rf3 39. Rxe4 Ra3 40. f3 g5 41. Re5 f6 42. Ra5 Kg6 43. Ra8 h6 44. a5 Kf7 45. a6 Ke7 46. a7 Kf7 47. Rh8 1-0

[Event "V Floripa Chess Open 2019"]
[Site "Florianopolis/SC"]
[Date "2019.01.26"]
[Round "9.126"]
[White "Stasaitits, Tiago"]
[Black "Da Silva, Daniel Pereira"]
[Result "0-1"]
[WhiteElo "1528"]
[BlackElo "1773"]
[PlyCount "88"]
[EventDate "2019.01.21"]
[EventRounds "10"]
[EventCountry "BRA"]

1. e4 c5 2. Nf3 e6 3. d4 cxd4 4. Nxd4 Nc6 5. Nc3 Qc7 6. Nxc6 bxc6 7. Bd3 Nf6 8. O-O d5 9. exd5 cxd5 10. Re1 a6 11. Qf3 Bd6 12. h3 h6 13. Nxd5 Nxd5 14. Qxd5 O-O 15. Qc4 Qa5 16. Bf4 Bxf4 17. Qxf4 Bb7 18. Re5 Qb6 19. b3 Rad8 20. Rae1 Rd7 21. R1e3 Rd4 22. Qg3 Rfd8 23. c3 R4d5 24. Rxd5 Rxd5 25. Kf1 Rd8 26. Ke2 Kf8 27. Be4 Qb5+ 28. c4 Qb4 29. Rd3 Rxd3 30. Qxd3 Ke7 31. Bxb7 Qxb7 32. f3 Qb4 33. Qd2 Qc5 34. a4 Qg1 35. Kd3 Qb1+ 36. Kc3 Qa1+ 37. Kb4 Qe5 38. c5 f5 39. Qd6+ Qxd6 40. cxd6+ Kxd6 41. Ka5 e5 42. Kb4 Kd5 43. Kc3 Kc5 44. Kd3 Kb4 0-1

[Event "V Floripa Chess Open 2019"]
[Site "Florianopolis/SC"]
[Date "2019.01.26"]
[Round "9.127"]
[White "Kojima, Rodrigo Yosuke"]
[Black "Rodio, Julia Brunetto"]
[Result "0-1"]
[WhiteElo "1412"]
[BlackElo "1771"]
[PlyCount "76"]
[EventDate "2019.01.21"]
[EventRounds "10"]
[EventCountry "BRA"]

1. d4 d5 2. Nf3 Nf6 3. Bf4 e6 4. h3 Bd6 5. Ne5 Ne4 6. Nd2 f6 7. Nd3 Bxf4 8. Nxf4 Qd6 9. Nd3 Nxd2 10. Qxd2 e5 11. dxe5 fxe5 12. Qg5 Nd7 13. Qxg7 Rf8 14. e3 e4 15. Nf4 Nf6 16. c3 Bd7 17. Qg3 O-O-O 18. Ne2 Qb6 19. O-O-O Qa5 20. Kb1 Ba4 21. Rd2 Rd6 22. Qe5 Nd7 23. Qe7 Rb6 24. Qa3 Rxf2 25. Ka1 Rbf6 26. b3 Rxf1+ 27. Rxf1 Rxf1+ 28. Kb2 Qb5 29. Nd4 Qb6 30. Qxa4 c6 31. Nc2 Nc5 32. Qd4 Nd3+ 33. Ka3 Qa5+ 34. Qa4 Qxc3 35. Rxd3 exd3 36. Qg4+ Kc7 37. Qg3+ Kb6 38. Nd4 Qb2+ 0-1

[Event "V Floripa Chess Open 2019"]
[Site "Florianopolis/SC"]
[Date "2019.01.26"]
[Round "9.128"]
[White "Flores, Clarice Soares Leit"]
[Black "Takehara, Alan Keissuke"]
[Result "0-1"]
[WhiteElo "1406"]
[BlackElo "1758"]
[PlyCount "60"]
[EventDate "2019.01.21"]
[EventRounds "10"]
[EventCountry "BRA"]

1. d4 d5 2. Bf4 Nf6 3. e3 e6 4. Nf3 c5 5. c3 Nc6 6. h3 Bd6 7. Ne5 Qc7 8. Nxc6 Bxf4 9. exf4 bxc6 10. dxc5 Qxf4 11. Nd2 O-O 12. Bd3 e5 13. O-O e4 14. Be2 Nd7 15. Nb3 Ne5 16. Nd4 f5 17. Qc1 Qh4 18. c4 f4 19. f3 e3 20. Qe1 Qh6 21. Kh2 dxc4 22. Rc1 Nd3 23. Bxd3 cxd3 24. Ra1 Rd8 25. Nxc6 Qxc6 26. Qh4 Qf6 27. Qxf6 gxf6 28. b4 Ba6 29. a4 d2 30. Rfd1 e2 0-1

[Event "V Floripa Chess Open 2019"]
[Site "Florianopolis/SC"]
[Date "2019.01.26"]
[Round "9.130"]
[White "Durante, Taina"]
[Black "De Oliveira, John Richard Aparec"]
[Result "1-0"]
[WhiteElo "1723"]
[BlackElo "1515"]
[PlyCount "87"]
[EventDate "2019.01.21"]
[EventRounds "10"]
[EventCountry "BRA"]

1. e4 e6 2. Nc3 d5 3. Nf3 dxe4 4. Nxe4 Nd7 5. d4 Ngf6 6. Ng3 Be7 7. Bd3 O-O 8. O-O b6 9. Re1 Bb7 10. c4 c5 11. Be3 cxd4 12. Nxd4 a6 13. Qe2 Qc7 14. Bg5 Nc5 15. Bc2 Rad8 16. Rad1 h6 17. Bc1 Ba8 18. b4 Nb7 19. a3 Nd6 20. Nxe6 Qc6 21. Nf4 g5 22. Nd5 Rfe8 23. Qd3 Nxc4 24. Nxe7+ Rxe7 25. Qxd8+ Re8 26. Rxe8+ Nxe8 27. Be4 Qa4 28. Re1 Bxe4 29. Nxe4 Kg7 30. Qd4+ f6 31. Qxc4 Qd7 32. Bb2 Qe7 33. Kf1 Qd8 34. Qxa6 Qc7 35. Ng3 Nd6 36. Qe2 Kg6 37. Qd3+ Kg7 38. Nh5+ Kf8 39. Nxf6 Qc4 40. Qxc4 Nxc4 41. Bc1 Kf7 42. Ng4 Kg7 43. Re6 h5 44. Ne3 1-0

[Event "V Floripa Chess Open 2019"]
[Site "Florianopolis/SC"]
[Date "2019.01.26"]
[Round "9.131"]
[White "Jodorcovsky, Paulo Leonardo"]
[Black "Mariot Vaz, Joao Antonio Bertol"]
[Result "1-0"]
[WhiteElo "1722"]
[BlackElo "1326"]
[PlyCount "67"]
[EventDate "2019.01.21"]
[EventRounds "10"]
[EventCountry "BRA"]

1. d4 Nf6 2. c4 e6 3. Nc3 Bb4 4. e3 c5 5. Nge2 Nc6 6. a3 Bxc3+ 7. Nxc3 O-O 8. dxc5 Qa5 9. Be2 Qxc5 10. b4 Qg5 11. O-O b6 12. Nb5 Qe5 13. Rb1 Ne8 14. Bb2 Qb8 15. Bd3 a6 16. Nc3 Bb7 17. Qh5 h6 18. Ne4 f5 19. Nd2 Ne5 20. Bc2 Qc7 21. Qe2 Rc8 22. Bb3 Nf6 23. f3 d6 24. c5 Rfe8 25. cxd6 Qxd6 26. Rfd1 Qb8 27. Bxe5 Qxe5 28. Nc4 Qb5 29. a4 Qxb4 30. Nd6 Bd5 31. Nxe8 Bxb3 32. Nxf6+ gxf6 33. Rd3 Rc3 34. Qd2 1-0

[Event "V Floripa Chess Open 2019"]
[Site "Florianopolis/SC"]
[Date "2019.01.26"]
[Round "9.134"]
[White "Torella, Rodolfo"]
[Black "Matsura, Eduardo"]
[Result "1-0"]
[WhiteElo "2054"]
[BlackElo "1624"]
[PlyCount "97"]
[EventDate "2019.01.21"]
[EventRounds "10"]
[EventCountry "BRA"]

1. e4 g6 2. d4 Bg7 3. Nc3 d6 4. Be3 a6 5. Qd2 b5 6. g3 Bb7 7. Bg2 Nf6 8. h3 b4 9. Nd5 a5 10. Ne2 Nbd7 11. O-O Nxd5 12. exd5 Nf6 13. c4 bxc3 14. Nxc3 O-O 15. Rfe1 Qd7 16. Kh2 a4 17. b4 axb3 18. axb3 Rxa1 19. Rxa1 Ra8 20. Rxa8+ Bxa8 21. Qa2 Qc8 22. Qa5 h5 23. b4 Kh7 24. Bg5 e6 25. dxe6 Bxg2 26. Kxg2 fxe6 27. b5 Qb7+ 28. Kg1 Nd7 29. Be3 Nb6 30. Qa6 Qb8 31. Ne4 Bh6 32. Bxh6 Kxh6 33. h4 Nd5 34. Qc6 Qf8 35. Qd7 Qe7 36. Qc8 Kg7 37. Ng5 Kf6 38. Qg8 Kf5 39. Kg2 Nf6 40. Qa8 d5 41. Qa2 Ne4 42. Qc2 Kf6 43. Nxe4+ dxe4 44. Qxe4 Qd6 45. Kf3 Qa3+ 46. Kf4 Qc1+ 47. Qe3 Qc4 48. Qe5+ Kf7 49. Qc5 1-0

[Event "V Floripa Chess Open 2019"]
[Site "Florianopolis/SC"]
[Date "2019.01.26"]
[Round "9.135"]
[White "Brito, Vicente De Paulo Al"]
[Black "De Souza, Lucio Teixeira"]
[Result "1-0"]
[WhiteElo "1985"]
[BlackElo "1626"]
[PlyCount "45"]
[EventDate "2019.01.21"]
[EventRounds "10"]
[EventCountry "BRA"]

1. e4 c5 2. d4 cxd4 3. c3 dxc3 4. Nxc3 d6 5. Nf3 Nc6 6. Bc4 e6 7. O-O Be7 8. Qe2 Nf6 9. Rd1 O-O 10. e5 Ne8 11. exd6 Bf6 12. Ne4 Bd7 13. Nxf6+ Nxf6 14. Bg5 h6 15. Bh4 Re8 16. Ne5 Nxe5 17. Qxe5 Rc8 18. Rd4 b6 19. b4 g5 20. Bxg5 hxg5 21. Qxg5+ Kh8 22. Rh4+ Nh7 23. Qh6 1-0

[Event "V Floripa Chess Open 2019"]
[Site "Florianopolis/SC"]
[Date "2019.01.26"]
[Round "9.136"]
[White "Salvadego, Erika Giovana De O."]
[Black "Barrientos, Ernesto"]
[Result "0-1"]
[WhiteElo "1603"]
[BlackElo "1925"]
[PlyCount "104"]
[EventDate "2019.01.21"]
[EventRounds "10"]
[EventCountry "BRA"]

1. d4 Nf6 2. Nf3 d5 3. g3 c5 4. e3 Nc6 5. Bg2 Bg4 6. O-O e6 7. b3 Bd6 8. Bb2 O-O 9. Nbd2 Rc8 10. c4 Re8 11. h3 Bh5 12. Rc1 Nb4 13. a3 Nd3 14. Rb1 Nxb2 15. Rxb2 Qa5 16. b4 cxb4 17. axb4 Bxb4 18. c5 Ne4 19. g4 Nxd2 20. Nxd2 Bg6 21. Nf3 Qb5 22. Ne5 a5 23. Nxg6 hxg6 24. Qb3 b6 25. cxb6 Qxb6 26. Qa4 Re7 27. Rfb1 Qc6 28. Qxc6 Rxc6 29. Bf1 Rb7 30. Bd3 Rc3 31. Rb3 Rbc7 32. Rxc3 Rxc3 33. Bb5 g5 34. Ba4 Kf8 35. Rb3 Rc1+ 36. Kg2 Ke7 37. Rb2 Ra1 38. Bb3 Ra3 39. Bc2 Kd6 40. Kf1 Ra1+ 41. Ke2 Rh1 42. Ba4 Rxh3 43. Rc2 Rh1 44. Rc6+ Ke7 45. Rc7+ Kf6 46. Be8 Be7 47. Ra7 Rh8 48. Bc6 Bb4 49. Ra8 Rxa8 50. Bxa8 a4 51. Kd3 a3 52. Kc2 Be1 0-1

[Event "V Floripa Chess Open 2019"]
[Site "Florianopolis/SC"]
[Date "2019.01.26"]
[Round "9.137"]
[White "Pereira Fo, Hildebrando Apoloni"]
[Black "Torres, Eduardo Lisboa"]
[Result "0-1"]
[WhiteElo "1595"]
[BlackElo "1905"]
[PlyCount "28"]
[EventDate "2019.01.21"]
[EventRounds "10"]
[EventCountry "BRA"]

1. c4 Nf6 2. Nf3 c5 3. Nc3 g6 4. b3 Bg7 5. Bb2 Nc6 6. e3 O-O 7. Be2 e6 8. O-O d5 9. cxd5 exd5 10. d4 cxd4 11. exd4 Re8 12. Rc1 Ne4 13. a3 Bg4 14. Ne1 Nxc3 0-1

[Event "V Floripa Chess Open 2019"]
[Site "Florianopolis/SC"]
[Date "2019.01.26"]
[Round "9.138"]
[White "Hubner, Jessica Trindade"]
[Black "Bernardes, Roberto Carlos Stru"]
[Result "1-0"]
[WhiteElo "1899"]
[BlackElo "1616"]
[PlyCount "145"]
[EventDate "2019.01.21"]
[EventRounds "10"]
[EventCountry "BRA"]

1. e4 c5 2. Nf3 d6 3. d4 cxd4 4. Nxd4 Nf6 5. Nc3 a6 6. Be2 e5 7. Nb3 Be6 8. Bg5 Be7 9. Qd2 h6 10. Be3 b5 11. a3 Nc6 12. f3 Rc8 13. Nd5 Bxd5 14. exd5 Nb8 15. Rc1 Nbd7 16. c4 bxc4 17. Rxc4 O-O 18. Rxc8 Qxc8 19. O-O Qb7 20. Na5 Qxd5 21. Rd1 Qxd2 22. Rxd2 Nb8 23. Ba7 d5 24. Bxb8 Rxb8 25. Nc6 Bc5+ 26. Kf1 Rb6 27. Nxe5 Be3 28. Rc2 Kf8 29. Bd1 Ke7 30. Ke2 Bf4 31. Nc6+ Kd6 32. Nd4 g6 33. g3 Be5 34. Kd3 Nd7 35. b4 Bg7 36. f4 Nf8 37. Nb3 Rc6 38. Rxc6+ Kxc6 39. Bf3 Nd7 40. a4 f6 41. Nd4+ Kd6 42. Nb3 Nb6 43. Nc5 f5 44. a5 Nc4 45. Nxa6 Nb2+ 46. Kc2 Na4 47. b5 Nc5 48. Nxc5 Kxc5 49. b6 Bf8 50. b7 Bd6 51. Kd3 Kc6 52. a6 Kb6 53. Bxd5 Kxa6 54. Ke3 Kb6 55. h3 Kc7 56. g4 fxg4 57. hxg4 g5 58. f5 Kd7 59. Be6+ Kc7 60. Bc8 Kd8 61. Ke4 Ke7 62. Kd5 Bb8 63. Be6 Kd8 64. f6 Ke8 65. Kc6 Be5 66. Kb6 Bb8 67. Kc6 Be5 68. Kd5 Bc7 69. Ke4 Bf4 70. Kf5 Kd8 71. Kg6 Kc7 72. Bc8 Bd6 73. Kxh6 1-0

[Event "V Floripa Chess Open 2019"]
[Site "Florianopolis/SC"]
[Date "2019.01.26"]
[Round "9.140"]
[White "Belmonte, Dulce"]
[Black "Alves, Josue Pires"]
[Result "1/2-1/2"]
[WhiteElo "1570"]
[BlackElo "1841"]
[PlyCount "76"]
[EventDate "2019.01.21"]
[EventRounds "10"]
[EventCountry "BRA"]

1. d4 e5 2. dxe5 Nc6 3. Nf3 Qe7 4. g3 Nxe5 5. Bg2 Nf6 6. Nxe5 Qxe5 7. Nc3 Bb4 8. Bd2 d5 9. O-O c6 10. Bf4 Qe7 11. Qd3 O-O 12. a3 Bxc3 13. bxc3 Re8 14. Rfe1 Ne4 15. c4 Bf5 16. cxd5 cxd5 17. Qxd5 Bg6 18. Qb3 Rac8 19. c4 Qc5 20. Be3 Qxc4 21. Qxc4 Rxc4 22. Bxa7 b5 23. Be3 h5 24. Bxe4 Bxe4 25. Red1 h4 26. Rd4 Rc2 27. Rd2 Rcc8 28. Bf4 hxg3 29. hxg3 Kh8 30. f3 Bc6 31. Rda2 Bd5 32. Rb2 Bc4 33. Bd6 Rcd8 34. Bb4 Re3 35. Kf2 Rde8 36. Re1 Bd5 37. Bc5 Rb3 38. Rxb3 Bxb3 1/2-1/2

[Event "V Floripa Chess Open 2019"]
[Site "Florianopolis/SC"]
[Date "2019.01.26"]
[Round "9.141"]
[White "Rodrigues, Natanael Isau"]
[Black "Albiero, Marco Antonio Batis"]
[Result "1-0"]
[WhiteElo "1759"]
[BlackElo "1565"]
[PlyCount "123"]
[EventDate "2019.01.21"]
[EventRounds "10"]
[EventCountry "BRA"]

1. Nf3 d5 2. g3 Nf6 3. Bg2 e6 4. O-O Be7 5. d4 O-O 6. Ne5 c5 7. c4 b6 8. b3 Bb7 9. Bb2 Nc6 10. Nxc6 Bxc6 11. Nc3 Rc8 12. cxd5 Nxd5 13. Nxd5 Bxd5 14. e4 Ba8 15. d5 exd5 16. exd5 Bf6 17. Rb1 Rc7 18. Qf3 Rd7 19. Rfd1 Re8 20. Bxf6 Qxf6 21. Qxf6 gxf6 22. Rd2 Rd6 23. Rbd1 Rc8 24. Bf1 Rcd8 25. Bc4 Bb7 26. a4 Re8 27. Kg2 Re5 28. f4 Re3 29. Kf2 Rc3 30. f5 a6 31. Rd3 Rc2+ 32. R1d2 Rc1 33. Kf3 Rf1+ 34. Kg4 Bc8 35. Rf3 Rxf3 36. Kxf3 Bxf5 37. Bxa6 Kg7 38. Bb7 Kg6 39. Kf4 h5 40. h4 Bg4 41. Bc6 Kg7 42. b4 cxb4 43. Rb2 Bd7 44. Bxd7 Rxd7 45. Ke4 Kf8 46. Rxb4 Ra7 47. d6 Ke8 48. Kf5 Kd7 49. Rd4 Ra8 50. Kxf6 Rg8 51. Rd3 Rg4 52. Kxf7 Rxa4 53. Kg6 Ra5 54. g4 hxg4 55. h5 g3 56. Rxg3 Kxd6 57. h6 b5 58. Rg5 Kc6 59. h7 Ra8 60. Kg7 Ra7+ 61. Kh6 Ra8 62. Rg8 1-0

[Event "V Floripa Chess Open 2019"]
[Site "Florianopolis/SC"]
[Date "2019.01.26"]
[Round "9.142"]
[White "De Oliveira, Luca Manoel"]
[Black "Peroza, Eduardo Antunes"]
[Result "0-1"]
[WhiteElo "1593"]
[BlackElo "1745"]
[PlyCount "72"]
[EventDate "2019.01.21"]
[EventRounds "10"]
[EventCountry "BRA"]

1. e4 c5 2. Nf3 Nc6 3. d4 cxd4 4. Nxd4 Nf6 5. Nc3 e5 6. Nf3 Be7 7. Bc4 d6 8. O-O O-O 9. Bg5 Bg4 10. Bxf6 Bxf6 11. h3 Bxf3 12. Qxf3 Rc8 13. Nd5 Nd4 14. Qd3 Rc6 15. c3 Ne6 16. Rad1 a6 17. Bb3 Bg5 18. Qf3 b5 19. Nb4 Rb6 20. Nd5 Rb7 21. Qe2 Kh8 22. Rd3 g6 23. Rfd1 Nc5 24. Rf3 f5 25. Bc2 Rff7 26. b4 Ne6 27. Bb3 Bh6 28. g4 fxe4 29. Rxf7 Rxf7 30. Qxe4 Qh4 31. Qg2 Ng5 32. Rd3 e4 33. Rg3 Nf3+ 34. Kh1 Qg5 35. Ne3 Rf8 36. Qf1 Qe5 0-1

[Event "V Floripa Chess Open 2019"]
[Site "Florianopolis/SC"]
[Date "2019.01.26"]
[Round "9.144"]
[White "Rosa Alves, Andre Gustavo"]
[Black "Lima, Aine Carolina"]
[Result "1/2-1/2"]
[WhiteElo "1726"]
[BlackElo "1502"]
[PlyCount "94"]
[EventDate "2019.01.21"]
[EventRounds "10"]
[EventCountry "BRA"]

1. d4 d5 2. c4 Bf5 3. Nc3 e6 4. Nf3 c6 5. cxd5 exd5 6. Bf4 Nd7 7. e3 Ngf6 8. Bd3 Bg6 9. Bxg6 hxg6 10. Qb3 Nb6 11. h3 Be7 12. a4 Qc8 13. a5 Nbd7 14. O-O O-O 15. Rfc1 Nb8 16. Be5 Qd7 17. Na4 Na6 18. Nc5 Nxc5 19. dxc5 Ne4 20. Bd4 f6 21. Qd3 g5 22. Nh2 Rad8 23. a6 Rb8 24. Nf1 Qc7 25. axb7 Rxb7 26. Qa6 f5 27. f3 Nf6 28. Bc3 Nd7 29. b4 Rfb8 30. Qa2 Nf6 31. Qa5 Qd7 32. Be5 Re8 33. Qa6 Nh7 34. Bd4 Reb8 35. Be5 Re8 36. f4 gxf4 37. exf4 Bf6 38. Bxf6 Nxf6 39. b5 Rxb5 40. Qxa7 Qxa7 41. Rxa7 Ne4 42. Rc7 Re6 43. Ne3 Ng3 44. Kf2 Rb2+ 45. Rc2 Ne4+ 46. Kg1 Rxc2 47. Nxc2 Nxc5 1/2-1/2

[Event "V Floripa Chess Open 2019"]
[Site "Florianopolis/SC"]
[Date "2019.01.26"]
[Round "9.145"]
[White "Santos, Gildemar De Oliveir"]
[Black "Do Prado, Hamilton Mesquita"]
[Result "1/2-1/2"]
[WhiteElo "1566"]
[BlackElo "1713"]
[PlyCount "28"]
[EventDate "2019.01.21"]
[EventRounds "10"]
[EventCountry "BRA"]

1. Nf3 d6 2. d4 Nf6 3. g3 c6 4. Bg2 h6 5. c4 Bg4 6. Nc3 Nbd7 7. O-O Qc7 8. Re1 e5 9. e4 Bxf3 10. Bxf3 d5 11. cxd5 cxd5 12. Nxd5 Nxd5 13. exd5 Be7 14. b3 O-O 1/2-1/2

[Event "V Floripa Chess Open 2019"]
[Site "Florianopolis/SC"]
[Date "2019.01.26"]
[Round "9.147"]
[White "Silvestre, Gilmar Severino"]
[Black "Rodrigues Mota, Romulo Cardoso S"]
[Result "1-0"]
[WhiteElo "1709"]
[BlackElo "1494"]
[PlyCount "81"]
[EventDate "2019.01.21"]
[EventRounds "10"]
[EventCountry "BRA"]

1. c4 Nf6 2. Nc3 e6 3. g3 Bb4 4. Bg2 c5 5. Nf3 Nc6 6. O-O d5 7. cxd5 exd5 8. d4 O-O 9. a3 Bxc3 10. bxc3 Be6 11. Rb1 Ne4 12. Bd2 Qe7 13. Qc2 Rac8 14. e3 Qd7 15. Bc1 Bf5 16. Nh4 cxd4 17. Nxf5 Qxf5 18. f3 Nb4 19. Rxb4 Rxc3 20. Qb1 Nxg3 21. hxg3 Qg5 22. Rxd4 Qxg3 23. Rg4 Qe5 24. f4 Qe6 25. Bh3 f5 26. Rg3 d4 27. Qxb7 g6 28. Bg2 Rd8 29. Qxa7 Rdc8 30. Qxd4 R3c5 31. Bb2 Kf8 32. Rd1 Qb3 33. Rh3 Rc2 34. Qh8+ Qg8 35. Qxg8+ Kxg8 36. Bd4 R8c7 37. Bd5+ Kf8 38. a4 Rd7 39. Bb3 Rcc7 40. a5 Re7 41. Bb6 1-0

[Event "V Floripa Chess Open 2019"]
[Site "Florianopolis/SC"]
[Date "2019.01.26"]
[Round "9.148"]
[White "Kim, Thiago"]
[Black "Da Silva, Esequiel Luis Melo"]
[Result "1-0"]
[WhiteElo "1508"]
[BlackElo "1680"]
[PlyCount "85"]
[EventDate "2019.01.21"]
[EventRounds "10"]
[EventCountry "BRA"]

1. e4 d6 2. d4 Nf6 3. Nc3 b6 4. Be3 Bb7 5. f3 Nbd7 6. Qd2 g6 7. O-O-O Bg7 8. Kb1 O-O 9. g4 c5 10. d5 Qc8 11. h4 Ba6 12. Bxa6 Qxa6 13. h5 Ne5 14. hxg6 fxg6 15. Bh6 Rf7 16. Bxg7 Rxg7 17. Nce2 Rf8 18. Nf4 Rc8 19. Ne6 Rf7 20. g5 Ne8 21. f4 Nc4 22. Qh2 Qb5 23. b3 Qb4 24. f5 Na3+ 25. Kc1 Qxe4 26. fxg6 Qxg6 27. Nh3 Qh5 28. Nhf4 Qxh2 29. Rxh2 Nc7 30. c4 Nxe6 31. Nxe6 b5 32. Kb2 bxc4 33. Kxa3 cxb3 34. axb3 Rf3 35. Rhd2 Rb8 36. Rd3 Rf2 37. R1d2 Rf1 38. Rc3 Ra1+ 39. Kb2 Rf1 40. Rh2 Rb4 41. Rc4 Rd1 42. Rxb4 cxb4 43. Nc7 1-0

[Event "V Floripa Chess Open 2019"]
[Site "Florianopolis/SC"]
[Date "2019.01.26"]
[Round "9.149"]
[White "Dias Filho, Pedro Stein"]
[Black "Gomes, Marco Tulio Caldeir"]
[Result "0-1"]
[WhiteElo "1507"]
[BlackElo "1678"]
[PlyCount "46"]
[EventDate "2019.01.21"]
[EventRounds "10"]
[EventCountry "BRA"]

1. e4 c5 2. Nf3 Nc6 3. d4 cxd4 4. Nxd4 e6 5. Be3 Qc7 6. Nc3 a6 7. Be2 Nf6 8. O-O Bb4 9. f3 O-O 10. Qd2 d5 11. exd5 Nxd5 12. Nxd5 Bxd2 13. Nxc7 Bxe3+ 14. Kh1 Ra7 15. Nxc6 bxc6 16. Nxe6 Bxe6 17. Bd3 a5 18. Rae1 Bd4 19. c3 Bf6 20. a3 Rd8 21. Be4 c5 22. Bc6 Ra6 23. Bb5 Rad6 0-1

[Event "V Floripa Chess Open 2019"]
[Site "Florianopolis/SC"]
[Date "2019.01.26"]
[Round "9.151"]
[White "Da Rosa, Henrique Jaze Simoe"]
[Black "Dutra, Liliam Guedes"]
[Result "0-1"]
[WhiteElo "1675"]
[BlackElo "1443"]
[PlyCount "64"]
[EventDate "2019.01.21"]
[EventRounds "10"]
[EventCountry "BRA"]

1. Nf3 Nf6 2. c4 e6 3. g3 Be7 4. Bg2 d5 5. O-O O-O 6. b3 c6 7. Bb2 Nbd7 8. Re1 Nc5 9. Qc2 Bd7 10. Ne5 Rc8 11. d3 Qc7 12. Nd2 Rfd8 13. Rad1 Be8 14. d4 Ncd7 15. Nxd7 Qxd7 16. Qd3 c5 17. cxd5 Nxd5 18. Nc4 Nb4 19. Qb1 Qc7 20. a3 Nd5 21. e4 Nf6 22. d5 exd5 23. exd5 b5 24. Be5 Bd6 25. Nxd6 Rxd6 26. Bxd6 Qxd6 27. Qb2 Bd7 28. Rc1 a6 29. Qe5 Qb6 30. Qc3 a5 31. b4 axb4 32. Qxb4 cxb4 0-1

[Event "V Floripa Chess Open 2019"]
[Site "Florianopolis/SC"]
[Date "2019.01.26"]
[Round "9.153"]
[White "Tasoko, Toshinobu"]
[Black "Conrado, Carlos Alberto"]
[Result "1-0"]
[WhiteElo "1668"]
[BlackElo "1421"]
[PlyCount "63"]
[EventDate "2019.01.21"]
[EventRounds "10"]
[EventCountry "BRA"]

1. e4 c6 2. d4 d5 3. Nc3 dxe4 4. Nxe4 Nd7 5. Bc4 Ngf6 6. f3 Nxe4 7. fxe4 e6 8. Nf3 Nf6 9. Bg5 Qa5+ 10. Bd2 Qb6 11. Bd3 Qxb2 12. O-O Be7 13. Qe1 O-O 14. c4 Rd8 15. Bc3 Qb6 16. e5 Ng4 17. Rb1 Qc7 18. h3 Nh6 19. g4 c5 20. g5 Nf5 21. Bxf5 exf5 22. d5 Bf8 23. h4 b6 24. h5 Ba6 25. Nd2 Re8 26. Rxf5 Qd7 27. Qe4 Bd6 28. Rbf1 Re7 29. Qf3 g6 30. e6 Qc7 31. hxg6 hxg6 32. Qh3 1-0

[Event "V Floripa Chess Open 2019"]
[Site "Florianopolis/SC"]
[Date "2019.01.27"]
[Round "10.2"]
[White "Cubas, Jose Fernando"]
[Black "Fier, Alexandr"]
[Result "0-1"]
[WhiteElo "2506"]
[BlackElo "2540"]
[Annotator "RC"]
[PlyCount "92"]
[EventDate "2019.01.21"]
[EventRounds "10"]
[EventCountry "BRA"]

1. e4 c5 2. Nf3 e6 3. d4 cxd4 4. Nxd4 Nf6 5. Nc3 d6 6. Be2 Be7 7. Be3 Nc6 8. f4 O-O 9. Qd2 a6 10. O-O-O Nd7 11. g4 Nxd4 12. Qxd4 b5 13. g5 Rb8 14. h4 b4 15. Na4 e5 16. Qd2 Qa5 17. b3 exf4 18. Bxf4 Ne5 19. Kb1 Be6 20. h5 Rfc8 21. Bf1 Rc6 22. Bh3 Nc4 23. Qd3 Na3+ 24. Ka1 Nxc2+ 25. Kb2 Bxg5 26. Bxd6 Bf6+ 27. e5 Bxe5+ 28. Bxe5 Qxe5+ 29. Nc3 Qxc3+ 30. Qxc3 Rxc3 31. Bxe6 fxe6 32. Rd7 Ne3 33. h6 Rc2+ 34. Kb1 Rg2 35. Re1 Nf5 36. Rxe6 Nxh6 37. Rxa6 Re8 38. Rd1 Nf5 39. Rb6 Rg4 40. a3 bxa3 41. Ka2 Ra8 42. Rd2 h5 43. Rb5 Rf4 44. b4 h4 45. Rb7 h3 46. b5 Rg4 0-1